| 000 | 00427nam a22001697a 4500 | ||
|---|---|---|---|
| 003 | OSt | ||
| 008 | 241129b |||||||| |||| 00| 0 eng d | ||
| 020 | _a9788127265861 | ||
| 082 |
_a630.162 _bSAN/NU |
||
| 100 | _aSanjay Kumar | ||
| 245 | _aNumerical approach in Agricultural Engineering with objective | ||
| 250 | _a1 | ||
| 260 |
_aLudhian _bKalyani Publishers _c2011 |
||
| 300 | _a720 | ||
| 650 |
_aGate _96415 |
||
| 942 | _cBK | ||
| 999 |
_c13639 _d13639 |
||